| 000 | 00616nam a2200193Ia 4500 | ||
|---|---|---|---|
| 008 | 140626s9999 xx 000 0 und d | ||
| 100 | _aLiu, Charlotte. | ||
| 245 |
_aLanguage and bilingual proficiencies, IQ and mathematic performance - an Australian perspective / _cCharlotte Liu ... [et al.]. |
||
| 260 | _cc2009. | ||
| 300 | _a1 : 2, page 77 | ||
| 440 | _aThe Asian Journal of Educational Research and Synergy | ||
| 521 | _aSPED | ||
| 650 | _a IQ. | ||
| 650 | _aBilingual efficiency. | ||
| 650 | _aLanguage. | ||
| 650 | _aMathematics achievement. | ||
| 650 | _aMulticultural education. | ||
| 942 | _cSE | ||
| 999 |
_c120934 _d120934 |
||